Statistics for All TNA World Champions Ever

Click here to take the quiz!

General Stats

  • This quiz has been taken 422 times
  • The average score is 19 of 29

Answer Stats

HintAnswer% Correct
6Kurt Angle
95%
2AJ Styles
94%
3AJ Styles
94%
4Sting
91%
1Sting
91%
3Jeff Hardy
84%
1Samoa Joe
83%
6Jeff Jarrett
81%
2Bobby Roode
78%
2Bully Ray
74%
2Christian Cage
74%
2Matt Hardy
73%
1James Storm
71%
4Lashley
70%
1Abyss
66%
1Austin Aries
56%
1Eric Young
56%
2Ethan Carter III
55%
2Ron Killings
55%
1Rob Van Dam
51%
2Mr Anderson
50%
1Chris Sabin
48%
1Mick Foley
47%
1Magnus
45%
1Raven
43%
1Ken Shamrock
41%
1Rhino
41%
1Drew Galloway
37%
1Eddie Edwards
32%

Score Distribution

Percentile by Number Answered

Percent of People with Each Score

Your Score History

You have not taken this quiz